000 00311pab a2200133 454500
008 180718b1986 xxu||||| |||| 00| 0 eng d
245 _aStir within Muslim intelligentsia
260 _c1986
300 _a28-32
362 _a8 Mar.
650 _aMohammedan Law - India
773 _aMainstream
909 _a13602
999 _c13602
_d13602